00731pam a2200205 a 4500001000500000005001700005040002300022050002400045082001500069100002000084245007100104260003300175300004000208505000700248520018200255521001700437521001700454650001900471700003500490249320231212152140.0 aDLCcDLCdDLCbeng00aPZ7.C5792bRaf 198200a813.542191 aCleary, Beverly10aRalph S. Mouse /cBeverly Cleary ; illustrated by Paul O. Zelinsky aNew York :bW. Morrow,c1982 a122 pages :billustrations ;c21 cm aT  aPresents the further adventures of a motorcycle-riding mouse who goes to school and becomes the instigator of an investigation of rodents and the peacemaker for two lonely boys. a860 bLexile aT bRaz-Plus 1aMicexFiction.1 aZelinsky, Paul O.eillustrator